Fundamentals of Human Resource Management (Record no. 4308)

MARC details
005 - DATE AND TIME OF LATEST TRANSACTION
control field 20250619152751.0
020 ## - INTERNATIONAL STANDARD BOOK NUMBER
International Standard Book Number 978-1-266-81335-1
082 ## - DEWEY DECIMAL CLASSIFICATION NUMBER
Classification number 658.3 NOE
100 ## - MAIN ENTRY--PERSONAL NAME
Author name NOE, A. R
245 ## - TITLE STATEMENT
Title Fundamentals of Human Resource Management
250 ## - EDITION STATEMENT
Edition statement 6th Ed.
260 ## - PUBLICATION, DISTRIBUTION, ETC.
Place of publication, distribution, etc. Boston
Name of publisher, distributor, etc. McGraw-Hill Irwin
Date of publication, distribution, etc. 2007.
300 ## - PHYSICAL DESCRIPTION
Extent xxiv, 594p.:ill.;charts, figures,pictures
Other physical details Glossary and Index
Dimensions 25cm
700 ## - ADDED ENTRY--PERSONAL NAME
Other authors/Editors John R. Hollenbeck
700 ## - ADDED ENTRY--PERSONAL NAME
Other authors/Editors Patrick M. Wright
700 ## - ADDED ENTRY--PERSONAL NAME
Other authors/Editors Barry Gerhart
942 ## - ADDED ENTRY ELEMENTS (KOHA)
Source of classification or shelving scheme Dewey Decimal Classification
Koha item type Books
Holdings
Date last seen Total checkouts Full call number Barcode Cost, replacement price Price effective from Koha item type Lost status Source of classification or shelving scheme Damaged status Not for loan Withdrawn status Home library Current library Shelving location Date acquired Source of acquisition Cost, normal purchase price
06/18/2025   658.3 NOE MZA0001447 150000.00 06/18/2025 Books   Dewey Decimal Classification       CBE Mwanza CBE Mwanza Reference Collection 07/15/2024 Library Budget 50000.00
06/18/2025   658.3 NOE MZA0001448 150000.00 06/18/2025 Books   Dewey Decimal Classification       CBE Mwanza CBE Mwanza Reference Collection 07/15/2024 Library Budget 50000.00